000 00710nam a2200229Ia 4500
003 OSt
005 20220926000723.0
006 a|||||r|||| 00| 0
007 ta
008 220923b |||||||| |||| 00| 0 eng d
037 _cGeneral Book
040 _aRTL
_cRTL
_beng
041 _2eng
_aeng
082 _aX9:6.2.N51r, J2
110 _aINDUSTRIAL FINANCE CORPORATION OF INDIA
_9258743
245 0 _aProceedings of the fourth annual general meetings
260 _a New Delhi
_bIndustrial Finance Coorporation of India
_c1952
300 _a11p.
_ccm.
700 _aINDUSTRIAL FINANCE CORPORATION OF INDIA
_9258744
942 _hX9:6.2.N51r, J2
_cGB
_2CC
999 _c599495
_d599495